000 01688cam a2200373 a 4500
005 20240305165358.0
007 cr|||| ||||
008 101005s20102012spc|||||| |000 0|cat|c
017 _aDL B. 6675-2012 (vol. 2)
_aDL B. 37751-2010 (vol. 3)
_bBiblioteca de Catalunya
020 _a9788476989951 (vol. 2)
035 _a6396
040 _dvLex
043 _ae-sp---
_be-spc--
_2catmarc
080 _a347(467.1)
090 _c3326
_d3326
245 0 0 _aDret civil català
_h[Recurso electrónico] /
_cAdolfo Lucas Esteve (dir.) ; Oscar Amills Eras ... [et al.]
256 _aServicio en línea
260 _aBarcelona :
_bJ.M. Bosch,
_ccop 2010-<2012>
300 _a1 recurso electrónico
490 1 _aBosch civil
504 _aReferencias bibliográficas
505 8 _aContiene: 2. Persona i família / Adolfo Lucas Esteve (dir.) ; Enric Alavedra Farrando ... [et al.]. 3. Dret de successions / Adolfo Lucas Esteve (dir.) ; Oscar Amills Eras ... [et al.]
506 1 _aContenido solo disponible en los productos indicados
_dvLex Global
_dvLex Global (Academic Edition, excluding Law Schools)
_dvLex Global (U.S. Academic Edition, Law Schools)
_dvLex Global (U.S. Academic Edition, excluding Law Schools)
_dvLex Global (Academic Edition, Law Schools)
650 0 4 _aDerecho civil
_zCataluña
650 0 4 _aDerecho de sucesión
_zCataluña
651 4 _aCataluña
700 1 _aLucas Esteve, Adolfo,
_edir.
700 1 _aAlavedra Farrando, Enric
700 1 _aAmills Eras, Oscar
740 0 _avLex Libros (Servicio en línea)
830 0 _aBosch civil
856 4 0 _uhttps://app.vlex.com/#/sources/dret-civil-catala-volum-ii-persona-familia-6396
942 _cRAA
999 _c161722
_d161722